|
|
|
|
| LEADER |
00000nam0a2200000 4500 |
| 001 |
119466 |
| 005 |
20231101215536.0 |
| 010 |
|
|
|a 5217011467
|
| 035 |
|
|
|a (RuTPU)RU\TPU\book\129296
|
| 090 |
|
|
|a 119466
|
| 100 |
|
|
|a 20070705d1990 m y0rusy50 ca
|
| 101 |
0 |
|
|a rus
|
| 102 |
|
|
|a RU
|
| 105 |
|
|
|a a j 001zy
|
| 200 |
1 |
|
|a Обзор и основы работы микроЭВМ
|e учебное пособие
|f П. М. Рашкович
|g Всесоюзное научное инженерно-техническое общество машиностроителей
|
| 210 |
|
|
|a Москва
|d 1990
|c Машиностроение
|
| 215 |
|
|
|a 56 с.
|c ил.
|
| 225 |
1 |
|
|a Университет технического прогресса в машиностроении
|
| 320 |
|
|
|a Библиогр.: с. 54.
|
| 610 |
1 |
|
|a обзоры
|
| 610 |
1 |
|
|a микроЭВМ
|
| 610 |
1 |
|
|a учебные пособия
|
| 610 |
1 |
|
|a запоминающие устройства
|
| 610 |
1 |
|
|a программирование
|
| 675 |
|
|
|a 681.3-181.48(07)
|v 3
|
| 700 |
|
1 |
|a Рашкович
|b П. М.
|g Павел Михайлович
|
| 712 |
0 |
2 |
|a Всесоюзное научное инженерно-техническое общество машиностроителей
|2 stltpush
|3 (RuTPU)RU\TPU\col\8521
|9 24542
|
| 801 |
|
1 |
|a RU
|b 63413507
|c 20070705
|g PSBO
|
| 801 |
|
2 |
|a RU
|b 63413507
|c 20090120
|g PSBO
|
| 942 |
|
|
|c BK
|